000 00778nam a2200229Ia 4500
003 GCL
008 140319s9999 xx 000 0 ara d
040 _aGCL /
_cGCL
082 0 4 _a362.293
_bم ع
100 1 _aمحمد وهبى
245 1 0 _aعالم المخدرات بين الواقع والخيال الخادع /
_cمحمد وهبى
250 _aالاولى
260 _aبيروت :
_bدار الفكر اللبنانى ،
_c1990
300 _a248 ص ؛
_c24 سم
650 0 4 _aادمان المخدرات
650 0 4 _aالمخدرات والشباب
650 0 4 _aالمخدرات
650 0 4 _aمكافحة المخدرات
650 0 4 _aالمخدرات - سموم
650 0 4 _aالمخدرات - التاثير الفسيولوجى
942 _2ddc
_cBK
999 _c4993
_d4993